| 000 | 01543cam a2200145 4500500 | ||
|---|---|---|---|
| 005 | 20260329023218.0 | ||
| 041 | _afre | ||
| 042 | _adc | ||
| 100 | 1 | 0 |
_aDucourant, Hélène _eauthor |
| 700 | 1 | 0 |
_aPerrin-Heredia, Ana _eauthor |
| 245 | 0 | 0 | _aSociologie de la consommation |
| 260 |
_bArmand Colin,
_c2019. |
||
| 520 | _aQu’est-ce que consommer ? Comment aborder, en sociologue, un phénomène si familier ? Le présent ouvrage apporte des réponses à partir d’un ensemble de recherches, toutes empiriquement fondées. Les différentes thématiques abordées – enjeux de définition, étude des budgets des ménages, rôle des marchés et des dispositifs marchands, liens entre consommation et hiérarchisation des groupes sociaux, rapports entre consommation et politique – permettent de comprendre comment la sociologie « bouscule » la notion de consommation et en redessine le contenu et les contours. En introduisant de nombreuses analyses, riches et stimulantes, ce livre interroge les frontières entre certaines catégories – comme celles qui séparent consommation et production ou consommation et culture. Il questionne également certaines habitudes de pensée : pourquoi la consommation est-elle rattachée à la sphère domestique ? Pourquoi est-elle si souvent considérée comme une activité féminine ou encore pourquoi fait-elle sans cesse l’objet de jugements moraux ? | ||
| 856 | 4 | 1 | _uhttps://shs.cairn.info/sociologie-de-la-consommation--9782200616274?lang=fr&redirect-ssocas=7080 |
| 999 |
_c1925522 _d1925522 |
||